| 000 | 00617cam a2200193 i 4500 | ||
|---|---|---|---|
| 005 | 20260215090644.0 | ||
| 008 | 250721s2021 ua gr 000 f ara d | ||
| 020 | _a9789778062618 | ||
| 082 | 1 | 4 |
_aق _bم ح م |
| 100 | 1 |
_aمحمود، هناء _eمؤلف. |
|
| 245 | 1 | 0 |
_aاتيليه مارتينا : _bرواية / _cهناء محمود. |
| 250 | _aالطبعة الاولى. | ||
| 264 | 3 | 1 |
_aالقاهرة : _bدار دون، _c2021. |
| 300 | _a255 صفحة. | ||
| 650 | 1 | 7 | _aالادب العربي. |
| 650 | 1 | 7 | _aالروايات العربية. |
| 942 |
_2ddc _cBK |
||
| 999 |
_c142904 _d142904 |
||